| 000 | 00929nam0a22002651 4500 | ||
|---|---|---|---|
| 001 | rc\2190156 | ||
| 005 | 20260607072057.0 | ||
| 035 | _a(NLR Aleph) 006612374 | ||
| 090 |
_a7362735 _c7362735 |
||
| 100 | _a20110829d1978 |||y0rusy50 ca | ||
| 101 | 1 |
_arus _ckum |
|
| 102 | _aRU | ||
| 105 | _aa z |||a| | ||
| 200 | 1 |
_aПечка-арба _eСтихи _e[Для дошк. возраста] _fПер. с кумык. Г. Сапгир _g[Рис. Л. Тутеволь] |
|
| 210 |
_aМосква _cДет. лит. _d1978 |
||
| 215 |
_a24 с. _cил. _d27 |
||
| 700 | 1 |
_aМеджидов _bА. _gАбдулмеджид |
|
| 702 | 1 |
_aТутеволь _bЛ. _4440 |
|
| 702 | 1 |
_4730 _8rus _7ca _aСапгир _bГ. В. _f1928-1999 _gГенрих Вениаминович _3RU\NLR\auth\771381 _9111407 |
|
| 801 | 0 |
_aRU _bNLR _gpsbo |
|
| 801 | 1 |
_aRU _bELAR _2rusmarc |
|
| 852 |
_aNLR _j78-8/1002 |
||
| 899 |
_aRuMoRGB _jM 78-9/286 |
||
| 942 | _cBOOK | ||
| 980 | _aNB | ||